000 00289nam a22001337a 4500
008 170522b xxu||||| |||| 00| 0 eng d
020 _a9780252064647
041 _aeng
080 _a94(4)
100 _a16
101 _aSHH
245 _aPROTECTING WOMEN
_cWIKANDER.U
942 _2udc
_cBK
999 _c13778
_d13778